Donot diga arave and hury your career (Record no. 2637)

MARC details
000 -LEADER
fixed length control field 00396nam a22001697a 4500
005 - DATE AND TIME OF LATEST TRANSACTION
control field 20160614120627.0
008 - FIXED-LENGTH DATA ELEMENTS--GENERAL INFORMATION
fixed length control field 160614b xxu||||| |||| 00| 0 eng d
020 ## - INTERNATIONAL STANDARD BOOK NUMBER
ISBN 1403-90859-1
041 ## - LANGUAGE CODE
Language code of text/sound track or separate title eng
082 ## - DEWEY DECIMAL CLASSIFICATION NUMBER
Item number 7400
100 ## - MAIN ENTRY--AUTHOR NAME
Personal name singh, DNB
245 ## - TITLE STATEMENT
Title Donot diga arave and hury your career
260 ## - PUBLICATION, DISTRIBUTION, ETC. (IMPRINT)
Name of publisher Mac Millan
Year of publication 2009
300 ## - PHYSICAL DESCRIPTION
Number of Pages 186
650 ## - SUBJECT ADDED ENTRY--TOPICAL TERM
Topical Term Management
942 ## - ADDED ENTRY ELEMENTS (KOHA)
Koha item type Books
Holdings
Lost status Damaged status Collection code Home library Current library Shelving location Date acquired Cost, normal purchase price Full call number Accession Number Koha item type
    LIFE SKILL JRU Library JRU Library SHELF-102-G 14/06/2016 195.00 650.14 7400 Books
    LIFE SKILL JRU Library JRU Library SHELF-102-G 14/06/2016 195.00 650.14 7401 Books
    LIFE SKILL JRU Library JRU Library SHELF-102-G 14/06/2016 195.00 650.14 7402 Books
    LIFE SKILL JRU Library JRU Library SHELF-102-G 14/06/2016 195.00 650.14 7403 Books